Central Library OPAC University of Rajshahi

ভাঙ্গা সেতু / (Record no. 50578)

MARC details
000 -LEADER
fixed length control field 00780nam a2200229 a 4500
001 - CONTROL NUMBER
control field 50578
003 - CONTROL NUMBER IDENTIFIER
rucl marc code BD-RjUL
005 - DATE AND TIME OF LATEST TRANSACTION
control field 20211209075530.0
008 - FIXED-LENGTH DATA ELEMENTS--GENERAL INFORMATION
fixed length control field 160827s1966 bg ||||| |||| 00| 0 ben d
020 ## - INTERNATIONAL STANDARD BOOK NUMBER
Terms of availability : Tk. 2.50
035 ## - SYSTEM CONTROL NUMBER
System control number (BD-RjUL)50698
040 ## - CATALOGING SOURCE
Original cataloging agency BD-RjUL
Language of cataloging ben
Transcribing agency BD-RjUL
041 ## - LANGUAGE CODE
Language code of text/sound track or separate title ben
082 ## - DEWEY DECIMAL CLASSIFICATION NUMBER
Classification number 891.443
Author mark and year ROB 1966
100 1# - MAIN ENTRY--PERSONAL NAME
Personal name রব, মুহম্মদ আবদুর
9 (RLIN) 151477
245 10 - TITLE STATEMENT
Title ভাঙ্গা সেতু /
Statement of responsibility, etc. মুহম্মদ আবদুর রব
260 ## - PUBLICATION, DISTRIBUTION, ETC. (IMPRINT)
Place of publication, distribution, etc. ঢাকা :
Name of publisher, distributor, etc. কাজী আবদুস সোবহান,
Date of publication, distribution, etc. ১৯৬৬
300 ## - PHYSICAL DESCRIPTION
Pagination [৬], ১১২ পৃ. ;
Size ২০ সেমি.
650 ## - SUBJECT ADDED ENTRY--TOPICAL TERM
Topical term or geographic name as entry element বাংলা উপন্যাস
9 (RLIN) 151478
Topical term or geographic name as entry element Bengali Fiction
9 (RLIN) 151479
942 ## - ADDED ENTRY ELEMENTS (KOHA)
Source of classification or shelving scheme Dewey Decimal Classification
Koha item type Books
Holdings
Lost status Source of classification or shelving scheme Damaged status Not for loan Collection code Permanent Location Current Location Shelving location Date acquired Source of acquisition Cost, normal purchase price Total Checkouts Full call number Date last seen Copy number Koha item type
  Dewey Decimal Classification     Fiction Central Library, University of Rajshahi Central Library, University of Rajshahi   16/05/1970 Nawroge 2.50   B 891.443 ROB 1966 27/08/2016 C-2 Books
  Dewey Decimal Classification     Fiction Central Library, University of Rajshahi Central Library, University of Rajshahi   16/05/1970 Nowrose 2.50   B 891.443 ROB 1966 20/09/2016 C-3 Books